000 00339nam a2200145Ia 4500
008 191201s2000 xx 000 0 und d
082 _a658
_bPAM
100 _aPARSLOE,Eric
245 0 _aManager: As Coach and Mentor
250 _a1st
260 _aHyderabad
_bUniversity Press
_c2000
300 _a189
650 _aMBA
942 _2ddc
_cBK
999 _c4685
_d4685